Nacimiento divino / (Registro nro. 7844)

Detalles MARC
000 -LIDER
fixed length control field 00948nam a2200337 a 4500
001 - NÚMERO DE CONTROL
Identificador de número de control 000045576
003 - IDENTIFICACDOR DE NÚMERO DE CONTROL
control field DO-SdBNP
005 - DATE AND TIME OF LATEST TRANSACTION
control field 20171103095235.0
007 - CAMPOS FIJOS DE DESCRIPCIÓN FÍSICA
fixed length control field 000045576
008 - ELEMENTOS DE LONGITUD FIJA
fixed length control field 150415s2004 dr a 000 0 spa d
020 ## - ISBN
International Standard Book Number 9993479195
040 ## - FUENTE DE CATALOGACIÓN
Agencia que crea de manera original el registro BPMSU
Idioma de catalogación spa
Agencia que realiza la transcripción BPMSU
082 #4 - NÚMERO DE CLASIFICACIÓN DECIMAL DE DEWEY
Classification number RD863.5
Item number P573n
092 ## - LOCALLY ASSIGNED DEWEY DECIMAL CALL NUMBER
Feature heading
100 1# - ASIENTO PRINCIPAL -- NOMBRE PERSONAL
Nombre personal Phipps, Miguel
245 10 - MENCIÓN DE TITULO
Título Nacimiento divino /
Mención de responsabilidad Miguel Phipps ; ilustración Ohanda Coste.
260 ## - PUBLICACIÓN, DISTRIBUCIÓN, ETC. (PIE DE IMPRENTA)
Lugar de publicación, distribución, etc Santo Domingo :
Nombre del editor, distribuidor, etc. Búho,
Fecha de publicación, distribución, etc 2004.
300 ## - DESCRIPCIÓN FÍSICA
Extensión 20 cm. :
Otros detalles físicos il ;
Dimensiones 28 cm.
490 1# - MENCIÓN DE SERIES
Mención de serie Infantil Phipps
Volume/sequential designation 5
650 ## - ENCABEZAMIENTO DE MATERIA--TEMÁTICO
Término temático o nombre geográfico como elemento de entrada CUENTOS INFANTILES DOMINICANOS
650 ## - ENCABEZAMIENTO DE MATERIA--TEMÁTICO
Término temático o nombre geográfico como elemento de entrada LITERATURA INFANTIL DOMINICANA
700 12 - ASIENTO SECUNDARIO -- NOMBRE PERSONAL
Nombre personal Coste, Ohanda,
Mención de responsabilidad il.
830 #0 - ASIENTO SECUNDARIO DE SERIE--TÍTULO UNIFORME
Título uniforme Infantil Phipps ;
Número de la parte o sección de una obra 5
930 #1 - EQUIVALENCE OR CROSS-REFERENCE-UNIFORM TITLE HEADING [LOCAL, CANADA]
Language of a work
Medium of performance for music
Field link and sequence number
Date of a work
Name of part/section of a work
Miscellaneous information
930 #1 - EQUIVALENCE OR CROSS-REFERENCE-UNIFORM TITLE HEADING [LOCAL, CANADA]
Language of a work
Medium of performance for music
Field link and sequence number
Date of a work
Name of part/section of a work
Miscellaneous information
Medium
942 ## - ADDED ENTRY ELEMENTS (KOHA)
Source of classification or shelving scheme Dewey Decimal Classification
Koha item type Libros
945 ## - INFORMACIÓN DE PROCESAMIENTO LOCAL
Información de procesamiento local Inventariado infantil /2017 VM
956 ## - LOCAL ELECTRONIC LOCATION AND ACCESS (OCLC)
Nombre de host
Número de acceso
Información de compresión
Inicio de sesión
Procesador de solicitud
956 ## - LOCAL ELECTRONIC LOCATION AND ACCESS (OCLC)
Nombre de host VMATEO
Número de acceso 10
Información de compresión 20170223
Inicio de sesión BPMSU
Procesador de solicitud 1512
956 ## - LOCAL ELECTRONIC LOCATION AND ACCESS (OCLC)
Número de acceso
Existencias
Withdrawn status Lost status Source of classification or shelving scheme Damaged status Not for loan Collection code Home library Current library Date acquired Source of acquisition Total Checkouts Full call number Barcode Date last seen Price effective from Koha item type Copy number
    Dewey Decimal Classification     Colección Infantil Dominicana Biblioteca Pública Metropolitana Salomé Ureña Biblioteca Pública Metropolitana Salomé Ureña 05/11/2015 Donación   RD863.5 P573n BPMSU15051652 05/11/2015 05/11/2015 Libros  
    Dewey Decimal Classification     Colección Infantil Dominicana Biblioteca Pública Metropolitana Salomé Ureña Biblioteca Pública Metropolitana Salomé Ureña 05/11/2015 Donación   RD863.5 P573n BPMSU15051651 05/11/2015 05/11/2015 Libros e. 2